Online
Catalog

Mi general Torrijos / (Record no. 7467)

MARC details
000 -CABECERA
campo de control de longitud fija 00818cam a2200241 a 4500
001 - NÚMERO DE CONTROL
campo de control 000007687
005 - FECHA Y HORA DE LA ÚLTIMA TRANSACCIÓN
campo de control 20200929154249.0
008 - DATOS DE LONGITUD FIJA--INFORMACIÓN GENERAL
campo de control de longitud fija 880805s1987 cu 001 0bspa
040 ## - FUENTE DE LA CATALOGACIÓN
Centro catalogador/agencia de origen DO-SdBNP
Centro/agencia modificador BNPHU
082 ## - NÚMERO DE LA CLASIFICACIÓN DECIMAL DEWEY
Número de clasificación 972.87051
Número de documento/Ítem T696M
100 1# - ENTRADA PRINCIPAL--NOMBRE DE PERSONA
Nombre de persona Martínez, José de Jesús,
Fechas asociadas al nombre 1929-1991.
9 (RLIN) 21303
245 10 - MENCIÓN DE TÍTULO
Título Mi general Torrijos /
Mención de responsabilidad, etc. José de Jesús Martínez.
260 ## - PUBLICACIÓN, DISTRIBUCIÓN, ETC.
Lugar de publicación, distribución, etc. La Habana :
Nombre del editor, distribuidor, etc. Casa de las América,
Fecha de publicación, distribución, etc. 1987.
300 ## - DESCRIPCIÓN FÍSICA
Extensión 271 p. ;
Dimensiones 20 cm.
490 1# - MENCIÓN DE SERIE
Mención de serie Testimonio
586 ## - NOTA DE PREMIOS
Nota de premios Premios Casa de las Americas, 1987.
600 10 - PUNTO DE ACCESO ADICIONAL DE MATERIA--NOMBRE DE PERSONA
Nombre de persona Torrijos, Omar,
Fechas asociadas al nombre 1929-1981.
9 (RLIN) 21304
651 #4 - PUNTO DE ACCESO ADICIONAL DE MATERIA--NOMBRE GEOGRÁFICO
Nombre geográfico Panamá
Subdivisión general Política Y Gobierno
Subdivisión cronológica 1946-
9 (RLIN) 21305
650 #4 - PUNTO DE ACCESO ADICIONAL DE MATERIA--TÉRMINO DE MATERIA
Término de materia o nombre geográfico como elemento de entrada Presidentes
Subdivisión geográfica Panamá
Subdivisión de forma BIOGRAFÍAS
9 (RLIN) 21306
650 #4 - PUNTO DE ACCESO ADICIONAL DE MATERIA--TÉRMINO DE MATERIA
Término de materia o nombre geográfico como elemento de entrada Generales
Subdivisión geográfica Panamá
Subdivisión de forma BIOGRAFÍAS
9 (RLIN) 21307
830 #0 - PUNTO DE ACCESO ADICIONAL DE SERIE-TÍTULO UNIFORME
Título uniforme Testimonio.
9 (RLIN) 16115
910 ## - DATOS DE OPCIÓN DEL USUARIO (OCLC)
Datos de opción del usuario Catalogación derivada
Holdings
Estado de retiro Estado de pérdida Restricciones de uso No para préstamo Código de colección Localización permanente Ubicación/localización actual Ubicación en estantería Fecha de adquisición Número de inventario Total de préstamos Signatura topográfica completa Código de barras Fecha visto por última vez Precio válido a partir de Tipo de ítem Koha
    Préstamo interno   Monografías: Libros y Folletos General General En catalogación 09.09.2009 LF1   972.87051 T696M 7687-10 25.06.2020 25.06.2020 Préstamo interno

Powered by Koha